|
|
|
|
| LEADER |
00000nta a2200000 i 4500 |
| 001 |
dolg30252 |
| 005 |
20210324161553.0 |
| 008 |
210324suuuu hu o 000 ger d |
| 040 |
|
|
|a BGE Dolgozattár Repozitórium
|b hun
|
| 041 |
|
|
|a de
|
| 100 |
1 |
|
|a Glück Attila
|
| 245 |
1 |
0 |
|a Struktur, funktion der Gruppe und die Bedeutung der Gruppenbildung in der Welt der Arbeit
|c Glück Attila
|h [elektronikus dokumentum]
|
| 516 |
|
|
|a Final_paper
|
| 695 |
|
|
|a Szervezetpszichológia
|
| 695 |
|
|
|a Csoportok
|
| 700 |
1 |
|
|a Nincs adat Nincs adat
|e ths
|
| 856 |
4 |
0 |
|u http://dolgozattar.uni-bge.hu/30252/1/D_11662.pdf
|z Dokumentum-elérés
|